| 000 | 00694nam a2200217Ia 4500 | ||
|---|---|---|---|
| 001 | 9462 | ||
| 003 | GE_BSU | ||
| 008 | 181216s||||||||xx |||||||||||||| ||und|| | ||
| 040 | _cGE_BSU | ||
| 080 | _a624.014(075.8) | ||
| 100 | _aСтрелецкий,Н.С. Гениев,А.Н. и др. | ||
| 245 | _aМеталлические конструкции. | ||
| 245 | _bУчебн. | ||
| 245 | _cПод. общ. ред. Н.С.Стрелецкого. Научн. ред. С.М.Тубин. | ||
| 260 | _aМ. | ||
| 260 | _bГосстройиздат. | ||
| 260 | _c1962. | ||
| 300 | _a776 стр. с илл. 27 см. | ||
| 653 | _aМеталлические конструкции. | ||
| 942 | _cBK | ||
| 999 |
_c42756 _d42756 |
||